Flags Tile Select Quiz - Statistics

General Stats
  • This quiz has been taken 21 times
  • The average score is 58 of 68
Answer Stats
Question Tile Select % Correct
Country flags with green on them Brazil Yes
100%
Country flags with green on them Italy Yes
100%
Country flags with green on them Mexico Yes
100%
Country flags with green on them Nigeria Yes
100%
Country flags with green on them Portugal Yes
100%
Country flags with green on them Saudi Arabia Yes
100%
Country flags with green on them Algeria Yes
95%
Country flags with a cross on it Singapore No
95%
Country flags with an animal on it Argentina No
89%
Country flags with an animal on it Armenia No
89%
Country flags with green on them Australia No
89%
Country flags with the Union Jack on it Australia Yes
89%
Country flags with an animal on it Austria No
89%
Country flags with the Union Jack on it Brunei No
89%
Country flags with an animal on it Cameroon No
89%
Country flags with the Union Jack on it Canada No
89%
Country flags with a cross on it Ethiopia No
89%
Country flags with an animal on it Gabon No
89%
Country flags with a cross on it Georgia Yes
89%
Country flags with a cross on it Greece Yes
89%
Country flags with green on them Israel No
89%
Country flags with blue, red and white on it Kazakhstan No
89%
Country flags with blue, red and white on it Lithuania No
89%
Country flags with a cross on it Malaysia No
89%
Country flags with a cross on it Mali No
89%
Country flags with an animal on it Mexico Yes
89%
Country flags with blue, red and white on it Montenegro No
89%
Country flags with blue, red and white on it Mozambique No
89%
Country flags with the Union Jack on it New Zealand Yes
89%
Country flags with a cross on it North Korea No
89%
Country flags with green on them Norway No
89%
Country flags with a cross on it Pakistan No
89%
Country flags with green on them Russia No
89%
Country flags with blue, red and white on it Russia Yes
89%
Country flags with the Union Jack on it Seychelles No
89%
Country flags with the Union Jack on it South Africa No
89%
Country flags with green on them Turkey No
89%
Country flags with the Union Jack on it United Kingdom Yes
89%
Country flags with a cross on it United States No
89%
Country flags with blue, red and white on it Uruguay No
89%
Country flags with an animal on it Albania Yes
84%
Country flags with a cross on it Chile No
84%
Country flags with a cross on it Cyprus No
84%
Country flags with the Union Jack on it Fiji Yes
84%
Country flags with the Union Jack on it Guyana No
84%
Country flags with blue, red and white on it Hungary No
84%
Country flags with green on them Indonesia No
84%
Country flags with blue, red and white on it Luxembourg Yes
84%
Country flags with a cross on it Malta Yes
84%
Country flags with a cross on it Norway Yes
84%
Country flags with green on them Spain No
84%
Country flags with a cross on it Sweden Yes
84%
Country flags with green on them Ukraine No
84%
Country flags with green on them Madagascar Yes
79%
Country flags with blue, red and white on it Romania No
79%
Country flags with blue, red and white on it Thailand Yes
79%
Country flags with an animal on it Croatia No
74%
Country flags with an animal on it Dominica Yes
74%
Country flags with the Union Jack on it Kiribati No
74%
Country flags with blue, red and white on it Philippines Yes
74%
Country flags with the Union Jack on it Tuvalu Yes
74%
Country flags with an animal on it Venezuela No
74%
Country flags with a cross on it Dominican Republic Yes
68%
Country flags with blue, red and white on it Nepal Yes
68%
Country flags with an animal on it Papua New Guinea Yes
68%
Country flags with the Union Jack on it Saint Lucia No
68%
Country flags with a cross on it Tonga Yes
68%
Country flags with an animal on it Uganda Yes
63%
No matching quizzes found
Score Distribution
Percent of People with Each Score
Percentile by Number Answered
Your Score History
You have not taken this quiz